000
00326nam a2200133Ia 4500
008
190216s9999||||xx |||||||||||||| ||und||
100
_a
"Nigham . Sp , Sinha. H.C , Sarma. Jc"
245
0
_a
Text Book Of Dynamics
250
_a
1st Ed.
260
_b
Ramprasad&Sons
_c
1965
300
_a
389
650
_a
Physics
942
_c
BK
999
_c
32716
_d
32716